000 01220njm a22002897a 4500
005 20100909110752.0
007 sd ammalaaahaa
008 100907t xxu||||| |||| 00| 0 eng d
028 _aN. 7121
_bHis Master's Voice
035 _aGR-02449
040 _aSED/VEN
100 _aBhosle, Asha and Burman, R.D
_918700
245 _aKhel khel me /
_cby Asha Bhosle and R.D Burman;music by R.D Burman; lyrics Gulshan Bawra
246 _aखेल खेल में/आशा भोसले एंड आर दी बर्मन द्वारा
260 _aHisMaster's Voice
_bodeon
300 _a1 Sound Disc [Gramophone Record] :
_banalog.45 rpm
_c7.5 in (SP)
_fGramophone Record
500 _aBrief Record
505 _aSide 1- सपना मेरा टूट गया(Sapna mera toot gaya)--Side-२ Khullam khulla pyar(खुल्लम कुल्लम pyar)(Asha bhosle and kishor kumar )
650 _aClassical Music
_xExcerpts
_zIndia
_918707
700 _918701
_aBurman, R.D
700 _918729
_aBawra, Gulshan
700 _919930
700 _918702
700 _919401
942 _2ddc
_cGR
999 _c45673
_d45673